000 00538nam a2200193Ia 4500
008 240729s9999 xx 000 0 und d
022 _a1747-1028
245 0 _aCell Division
260 _aUnited Kingdom
260 _bBMC
650 _a Biology (General)
650 _a Cytology
650 _a Internal medicine
650 _a Neoplasms. Tumors. Oncology. Including cancer and carcinogens | Science
650 _aMedicine
856 _uhttps://doaj.org/toc/28e09347ddd6412285d043fb1ae39e55
942 _2ddc
942 _cDOAJEJ
999 _c74301
_d74301
945 _a1
_bMadushi Gamage
_c1
_dMadushi Gamage